| 000 | 00707nam a2200181 a 4500 | ||
|---|---|---|---|
| 008 | 070509s2006 ||||||||||||||||| || u | ||
| 050 | _aIBRD(08) | ||
| 100 | _aVerdier, Thierry | ||
| 245 | 1 | 0 | _aAre lives a substitute for livelihoods: terrorism, security, and U. S. bilateral imports |
| 260 |
_aWashington, D. C. _bWorld Bank _c2006 |
||
| 300 | _a45p.;ill. | ||
| 350 | _a0.00 | ||
| 490 | _aWorld Bank policy research working papers | ||
| 650 | _aTERRORISM--RESEARCH | ||
| 650 | _aTRADE--RESEARCH | ||
| 700 | _aMirza, Daniel | ||
| 995 |
_D0.00 _FCBU-MAIN LIBRARY (Kitwe) _H1 _I0.00 _M1 _UAVAILABLE _WMay 9, 2007 _ZInternational Publications |
||
| 999 |
_c34819 _d34819 |
||